| 000 | 00523nam a2200181Ia 4500 | ||
|---|---|---|---|
| 001 | 3600 | ||
| 005 | 20260306145655.0 | ||
| 008 | 260306t2012||||xx |||||||||||||| ||spa|| | ||
| 041 | _aESP | ||
| 082 |
_a298 _bT11 |
||
| 100 |
_aTabatabai, Allamah Seyed Muhammad Husain _eAUT |
||
| 245 | 0 |
_aIntroducción al conocimiento del Islam: _bun análisis resumido en cuanto a creencias, moral y leyes practicas |
|
| 260 | _c2012 | ||
| 300 |
_a238 páginas : _c21 cm. |
||
| 650 | _aGEN | ||
| 654 | _aCHU | ||
| 942 |
_cLIB _dJUS _fJUS _2ddc _n |
||
| 999 |
_c3600 _d3600 |
||